000
00302 a2200121 4500
001
48507
040
_c
Anchieta - Bela Vista
100
_a
Galrão, Martha
240
1
0
_a
Convivendo com as diferenças
_l
por
245
1
0
_a
Convivendo com as diferenças
650
4
_a
Literatura infanto-juvenil
942
_c
BK
999
_c
48507
_d
48507